| 000 | 00630nam a22001817a 4500 | ||
|---|---|---|---|
| 005 | 20161123122456.0 | ||
| 010 | _aENG-116621 | ||
| 020 |
_a9789351436416 _c1350.00 |
||
| 035 | _aEN-100153 | ||
| 037 | _bDBAD/PUB | ||
| 082 | _a340 | ||
| 245 |
_aThe ultimate guide to the judicial services examination 2016 for all states : _bbest choice for AIBE,UGS-NET & APP Exams / _cby M.A. Rashid |
||
| 250 | _a4th ed. | ||
| 260 |
_aGurgaon _bLexisNexis _c2016 |
||
| 270 |
_a14th Floor, Building No.10, Tower-B, DLF Cyber City, Phase-II _bGurgaon _e122002 |
||
| 300 |
_axx,1826p. _c24cm(pbk) |
||
| 942 |
_2ddc _cEN _mRAS _h340 |
||
| 999 |
_c104723 _d104723 |
||